A Arte da Paz (Registo nº 200664)

Detalhes MARC
000 -Etiqueta do registo
Valores 00730nam 22002293 4500
010 ## - Número ISBN
ISBN 978-989-660-631-2
021 ## - Número do Depósito Legal
Número 460241/19
100 ## - Dados gerais de processamento
Dados gerais 20260220d u||y0pory50 ba
200 ## - Titulo e menção de responsabilidade
Título próprio A Arte da Paz
Primeira menção de responsabilidade Sara Rodi
Outras menções de responsabilidade ilustrado por Madalena Bastos
205 ## - Menção da edição
Edição
210 ## - Publicação
Local de publicação Alfragide
Nome do editor Oficina do Livro
Data de publicação 2019
215 ## - Descrição física 
Paginação / Volumes 165, [3] p.
Outras indicações físicas brochado
Dimensões 21 cm
225 ## - Colecção 
Título próprio da colecção Escola das Estrelas
Indicação de volume 3
300 ## - Notas gerais 
Texto da nota Uma coleção que dá a conhecer uma escola diferente, onde todos os alunos gostariam de estudar!
606 ## - Nome comum usado como assunto
Palavra de ordem Literatura Juvenil Portuguesa
ID Autoridade 51
675 ## - CDU
Notação 821.131.3-93
Edição PT
Língua por
700 ## - Autor principal (pessoa individual)
ID Autoridade 2552
Apelido Rodi
Nome Sara
Datas 1978-
801 ## - Fonte de origem
País PT
Agência BMMN
Regras de catalogação RPC
830 ## - Notas gerais do catalogador
Criado por Ana Caetano
990 ## - Elementos KOHA
Tipo de documento Livro
Exemplares
Situação do levantamento Biblioteca de origem Código de barras Cota Permissão de empréstimo Tipo de documento Forma de aquisição
  Biblioteca Escola São João de Deus 29887 821.134.3-93 ROD   Livro Compra
  Biblioteca Escola São João de Deus 29888 821.134.3-93 ROD   Livro Compra

Powered by Koha